000 00558nam a2200193Ia 4500
003 LDD
008 181029s9999 xx 000 0 und d
020 _a1853838845
_c395.00
040 _cLDD
100 _aKnight,Barry
245 0 _aReviving Democracy
_bCitizen at the Heart of Governance
_cBarry Knight
260 _aLondon
_bEarthscan
_c2006
300 _axviii, 214
365 _b395.00
901 _a3958
_b26-11-2007
902 _a3592
_b08-12-2007
_cF
_dSELECT
_e35
903 _aDiscount-15
_bReqst by : Dolly Mathew
942 _2ddc
_cBK
999 _c79224
_d79224